000 00417nam a22001457a 4500
999 _c7532
_d7530
005 20210306113753.0
008 210306b ||||| |||| 00| 0 eng d
082 _a346.066
100 _aAIYAR,A.N.
_96466
245 _aREPORTS OF COMPANY CASES INCLUDING CASES OF BANKING AND INSURENCE [VOL-29]
260 _aMADRAS
_bTHE COMPANY LAW INSTITUTE OF INDIA
_c1959
300 _aI-74,p
650 _aLAW
_95701
942 _cJRL